| 000 | 01211nam a2200229Ia 4500 | ||
|---|---|---|---|
| 003 | Ost | ||
| 005 | 20260416102353.0 | ||
| 008 | 260416s9999||||xx |||||||||||||| ||und|| | ||
| 040 | _cfsecg | ||
| 041 | _aara | ||
| 082 | _a338.5 | ||
| 100 |
_aبركان، ن. _eمؤلف |
||
| 245 | 0 |
_aمدخل إلى نظرية الإقتصاد الجزئي1 : _bنظرية وتطبيق / _c ن. بركان |
|
| 260 |
_aالجزائر _bجامعة الجزائر3: كلية العلوم الإقتصادية، العلوم التجارية وعلوم التسيير _c2017 |
||
| 300 |
_a81 ورقة _bايضاحات _c30 سم |
||
| 504 | _aمراجع ص.81 جداول المصطلحات ص.80 | ||
| 520 | _aاقتصاد السوق؛ المرونات، النظرية الاقتصادية لسلوك المستهلك، تعظيم المنفعة وتوازن المستهلك، التغير في توازن المستهلك، تحليل سلوك المنتج | ||
| 653 | _aالاقتصاد الجزئي | ||
| 653 | _aالمستهلكون | ||
| 710 |
_aجامعة الجزائر3: كلية العلوم الإقتصادية، العلوم التجارية وعلوم التسيير _eناشر علمي |
||
| 942 | _cHANDOUT | ||
| 999 |
_c41075 _d41075 |
||